[Event "Team Championship (men rapid)"]
[Site "Sochi"]
[Date "2017.10.03"]
[Round "3.17"]
[White "Grachev, Boris"]
[Black "Kurbedinov, Ramis"]
[Result "1-0"]
[LiveChessVersion "1.4.8"]
[BlackElo "2244"]
[WhiteElo "2651"]

1. d4 {[%clk 0:15:17]} Nf6 {[%clk 0:15:19]} 2. c4 {[%clk 0:15:22]} e6
{[%clk 0:15:27]} 3. Nf3 {[%clk 0:15:16]} Bb4+ {[%clk 0:15:34]} 4. Bd2
{[%clk 0:15:19]} Qe7 {[%clk 0:15:39]} 5. Nc3 {[%clk 0:15:18]} b6 {[%clk 0:15:26]}
6. g3 {[%clk 0:14:27]} Bb7 {[%clk 0:15:35]} 7. Bg2 {[%clk 0:14:35]} O-O
{[%clk 0:15:34]} 8. O-O {[%clk 0:14:42]} d6 {[%clk 0:14:38]} 9. Qc2
{[%clk 0:14:18]} Nbd7 {[%clk 0:13:55]} 10. Rac1 {[%clk 0:12:33]} Bxc3
{[%clk 0:13:43]} 11. Bxc3 {[%clk 0:12:40]} Be4 {[%clk 0:13:42]} 12. Qd2
{[%clk 0:12:41]} c5 {[%clk 0:12:09]} 13. Rfd1 {[%clk 0:12:16]} d5
{[%clk 0:11:47]} 14. dxc5 {[%clk 0:11:05]} bxc5 {[%clk 0:11:51]} 15. cxd5
{[%clk 0:10:48]} exd5 {[%clk 0:11:55]} 16. b4 {[%clk 0:10:28]} d4
{[%clk 0:10:41]} 17. Ba1 {[%clk 0:10:31]} cxb4 {[%clk 0:08:47]} 18. Qxd4
{[%clk 0:10:26]} Nb6 {[%clk 0:08:48]} 19. Qe3 {[%clk 0:07:10]} Nbd5
{[%clk 0:08:17]} 20. Bxf6 {[%clk 0:05:56]} Nxe3 {[%clk 0:05:00]} 21. Bxe7
{[%clk 0:06:03]} Nxd1 {[%clk 0:05:08]} 22. Rxd1 {[%clk 0:05:51]} Rfe8
{[%clk 0:02:00]} 23. Bxb4 {[%clk 0:05:53]} Red8 {[%clk 0:02:02]} 24. Nd4
{[%clk 0:05:07]} Bxg2 {[%clk 0:02:03]} 25. Kxg2 {[%clk 0:05:16]} a5
{[%clk 0:02:00]} 26. Ba3 {[%clk 0:05:13]} Rac8 {[%clk 0:01:56]} 27. Rd2
{[%clk 0:05:06]} Rc4 {[%clk 0:01:46]} 28. e3 {[%clk 0:05:14]} Ra4
{[%clk 0:01:40]} 29. Bc5 {[%clk 0:05:09]} Rc8 {[%clk 0:01:29]} 30. Nf5
{[%clk 0:04:53]} Ra8 {[%clk 0:01:23]} 31. Nd6 {[%clk 0:04:46]} h6
{[%clk 0:01:06]} 32. a3 {[%clk 0:04:35]} Ra6 {[%clk 0:01:09]} 33. e4
{[%clk 0:04:08]} Rc6 {[%clk 0:01:07]} 34. Rd5 {[%clk 0:04:17]} 1-0

[Event "Team Championship (men rapid)"]
[Site "Sochi"]
[Date "2017.10.03"]
[Round "3.18"]
[White "Iljin, Timofey"]
[Black "Popov, Ivan"]
[Result "1/2-1/2"]
[LiveChessVersion "1.4.8"]
[BlackElo "2674"]
[WhiteElo "2500"]

1. d4 {[%clk 0:15:19]} Nf6 {[%clk 0:15:17]} 2. c4 {[%clk 0:15:28]} b6
{[%clk 0:15:21]} 3. Nc3 {[%clk 0:15:33]} Bb7 {[%clk 0:15:30]} 4. Qc2
{[%clk 0:15:25]} d5 {[%clk 0:15:37]} 5. cxd5 {[%clk 0:15:07]} Nxd5
{[%clk 0:15:46]} 6. Nf3 {[%clk 0:14:58]} e6 {[%clk 0:15:42]} 7. e4
{[%clk 0:14:52]} Nxc3 {[%clk 0:15:50]} 8. bxc3 {[%clk 0:15:01]} Be7
{[%clk 0:15:59]} 9. Bb5+ {[%clk 0:15:01]} c6 {[%clk 0:16:06]} 10. Bd3
{[%clk 0:15:10]} O-O {[%clk 0:16:14]} 11. O-O {[%clk 0:15:18]} c5
{[%clk 0:16:22]} 12. Bb2 {[%clk 0:14:36]} cxd4 {[%clk 0:16:15]} 13. cxd4
{[%clk 0:14:44]} Nc6 {[%clk 0:16:23]} 14. a3 {[%clk 0:14:15]} Rc8
{[%clk 0:16:30]} 15. Qe2 {[%clk 0:14:21]} Na5 {[%clk 0:14:17]} 16. Rad1
{[%clk 0:13:47]} Bf6 {[%clk 0:13:17]} 17. Rfe1 {[%clk 0:13:01]} g6
{[%clk 0:13:08]} 18. Ne5 {[%clk 0:11:01]} Bg7 {[%clk 0:11:19]} 19. Bb1
{[%clk 0:11:02]} Qd6 {[%clk 0:08:36]} 20. h4 {[%clk 0:10:49]} f6 {[%clk 0:05:26]}
21. Nd3 {[%clk 0:08:53]} Nc4 {[%clk 0:05:29]} 22. Bc3 {[%clk 0:09:02]} a5
{[%clk 0:03:55]} 23. a4 {[%clk 0:07:25]} Na3 {[%clk 0:03:10]} 24. Ba1
{[%clk 0:07:04]} Nxb1 {[%clk 0:02:43]} 25. Rxb1 {[%clk 0:07:13]} f5
{[%clk 0:02:31]} 26. exf5 {[%clk 0:05:55]} exf5 {[%clk 0:02:38]} 27. Ne5
{[%clk 0:06:04]} Rfe8 {[%clk 0:01:41]} 28. Qb5 {[%clk 0:05:47]} Re6
{[%clk 0:01:37]} 29. Nc4 {[%clk 0:05:29]} Rxe1+ {[%clk 0:01:21]} 30. Rxe1
{[%clk 0:05:38]} Qc6 {[%clk 0:01:19]} 31. Qxc6 {[%clk 0:05:17]} Rxc6
{[%clk 0:01:25]} 32. Ne5 {[%clk 0:05:20]} Bxe5 {[%clk 0:01:01]} 33. dxe5
{[%clk 0:05:28]} Kf7 {[%clk 0:01:03]} 34. e6+ {[%clk 0:05:18]} Rxe6
{[%clk 0:01:10]} 35. Rxe6 {[%clk 0:05:27]} Kxe6 {[%clk 0:01:18]} 36. Bd4
{[%clk 0:05:36]} b5 {[%clk 0:01:20]} 37. axb5 {[%clk 0:05:36]} Kd5
{[%clk 0:01:23]} 38. Bf6 {[%clk 0:05:27]} Kc5 {[%clk 0:01:19]} 39. Kf1
{[%clk 0:05:30]} Kxb5 {[%clk 0:01:21]} 40. g3 {[%clk 0:05:05]} a4
{[%clk 0:01:13]} 41. Ke2 {[%clk 0:05:08]} Kc4 {[%clk 0:01:21]} 42. Kd2
{[%clk 0:05:15]} a3 {[%clk 0:01:24]} 43. Kc1 {[%clk 0:05:05]} Kd3
{[%clk 0:01:20]} 44. Be7 {[%clk 0:04:57]} a2 {[%clk 0:01:28]} 45. Kb2
{[%clk 0:04:53]} Bd5 {[%clk 0:01:37]} 46. Bg5 {[%clk 0:04:46]} Ke2
{[%clk 0:01:28]} 47. Be3 {[%clk 0:04:52]} Kf3 {[%clk 0:01:37]} 48. Ka1
{[%clk 0:04:54]} Kg4 {[%clk 0:01:13]} 49. Kb2 {[%clk 0:05:00]} Kf3
{[%clk 0:00:50]} 50. Ka1 {[%clk 0:05:08]} Kg4 {[%clk 0:00:45]} 51. Kb2
{[%clk 0:05:16]} Kh5 {[%clk 0:00:53]} 52. Ka1 {[%clk 0:05:24]} h6
{[%clk 0:01:00]} 53. Kb2 {[%clk 0:05:33]} g5 {[%clk 0:01:08]} 54. hxg5
{[%clk 0:05:42]} hxg5 {[%clk 0:01:18]} 55. Ka1 {[%clk 0:05:50]} Kg4
{[%clk 0:01:08]} 56. Kb2 {[%clk 0:05:56]} Kf3 {[%clk 0:01:08]} 57. Bxg5
{[%clk 0:06:00]} Kxf2 {[%clk 0:01:17]} 58. Bf4 {[%clk 0:06:09]} 1/2-1/2

[Event "Team Championship (men rapid)"]
[Site "Sochi"]
[Date "2017.10.03"]
[Round "3.19"]
[White "Potkin, Vladimir"]
[Black "Papenin, Nikolai"]
[Result "1-0"]
[LiveChessVersion "1.4.8"]
[BlackElo "2353"]
[WhiteElo "2650"]

1. c4 {[%clk 0:15:18]} Nf6 {[%clk 0:15:19]} 2. Nc3 {[%clk 0:15:26]} c5
{[%clk 0:15:21]} 3. Nf3 {[%clk 0:15:34]} Nc6 {[%clk 0:15:31]} 4. e3
{[%clk 0:15:42]} e6 {[%clk 0:15:40]} 5. d4 {[%clk 0:15:50]} d5 {[%clk 0:15:46]}
6. a3 {[%clk 0:15:58]} a6 {[%clk 0:15:38]} 7. dxc5 {[%clk 0:16:04]} Bxc5
{[%clk 0:15:46]} 8. b4 {[%clk 0:16:13]} Bd6 {[%clk 0:14:22]} 9. Bb2
{[%clk 0:16:16]} O-O {[%clk 0:14:02]} 10. cxd5 {[%clk 0:16:23]} exd5
{[%clk 0:14:11]} 11. Be2 {[%clk 0:16:27]} Re8 {[%clk 0:13:26]} 12. O-O
{[%clk 0:16:34]} Bc7 {[%clk 0:11:41]} 13. Rc1 {[%clk 0:16:35]} Qd6
{[%clk 0:11:38]} 14. g3 {[%clk 0:15:05]} Bh3 {[%clk 0:11:00]} 15. Re1
{[%clk 0:15:14]} Rad8 {[%clk 0:11:09]} 16. b5 {[%clk 0:15:21]} Ne5
{[%clk 0:09:56]} 17. Qd4 {[%clk 0:11:51]} Neg4 {[%clk 0:06:12]} 18. Nxd5
{[%clk 0:10:10]} Qxd5 {[%clk 0:05:01]} 19. Rxc7 {[%clk 0:10:18]} Qh5
{[%clk 0:03:27]} 20. Rc5 {[%clk 0:04:33]} Qh6 {[%clk 0:02:34]} 21. Qf4
{[%clk 0:04:41]} Qxf4 {[%clk 0:02:27]} 22. gxf4 {[%clk 0:04:12]} Nxf2
{[%clk 0:02:27]} 23. Bxf6 {[%clk 0:04:12]} 1-0

[Event "Team Championship (men rapid)"]
[Site "Sochi"]
[Date "2017.10.03"]
[Round "3.20"]
[White "Derjabin, Ilja"]
[Black "Kobalia, Mikhail"]
[Result "0-1"]
[LiveChessVersion "1.4.8"]
[BlackElo "2605"]
[WhiteElo "2334"]

1. Nf3 {[%clk 0:15:18]} d5 {[%clk 0:15:16]} 2. c4 {[%clk 0:15:26]} c6
{[%clk 0:15:20]} 3. cxd5 {[%clk 0:15:25]} cxd5 {[%clk 0:15:29]} 4. d4
{[%clk 0:15:32]} Nc6 {[%clk 0:15:36]} 5. Nc3 {[%clk 0:15:40]} Nf6
{[%clk 0:15:22]} 6. Bf4 {[%clk 0:15:44]} a6 {[%clk 0:15:31]} 7. e3
{[%clk 0:15:24]} Bg4 {[%clk 0:15:31]} 8. Be2 {[%clk 0:15:02]} e6 {[%clk 0:15:33]}
9. Qb3 {[%clk 0:15:02]} Bxf3 {[%clk 0:15:02]} 10. Bxf3 {[%clk 0:14:22]} Na5
{[%clk 0:15:02]} 11. Qd1 {[%clk 0:13:30]} Bd6 {[%clk 0:14:18]} 12. Bxd6
{[%clk 0:13:05]} Qxd6 {[%clk 0:14:27]} 13. Qa4+ {[%clk 0:12:38]} Nc6
{[%clk 0:14:35]} 14. O-O {[%clk 0:12:36]} O-O {[%clk 0:14:44]} 15. Rac1
{[%clk 0:11:53]} b5 {[%clk 0:14:46]} 16. Qd1 {[%clk 0:11:59]} Rac8
{[%clk 0:14:34]} 17. Be2 {[%clk 0:11:07]} Na5 {[%clk 0:14:15]} 18. Bd3
{[%clk 0:10:18]} Nc4 {[%clk 0:13:11]} 19. Bxc4 {[%clk 0:09:16]} Rxc4
{[%clk 0:13:09]} 20. a3 {[%clk 0:05:58]} Rfc8 {[%clk 0:13:14]} 21. f3
{[%clk 0:05:58]} Qb6 {[%clk 0:12:17]} 22. Qd3 {[%clk 0:05:23]} Ne8
{[%clk 0:10:40]} 23. Ne2 {[%clk 0:02:35]} Qa5 {[%clk 0:09:24]} 24. Rxc4
{[%clk 0:02:10]} bxc4 {[%clk 0:08:06]} 25. Qc2 {[%clk 0:02:12]} Rb8
{[%clk 0:08:08]} 26. Nc3 {[%clk 0:02:11]} Nd6 {[%clk 0:07:59]} 27. Rd1
{[%clk 0:01:38]} f5 {[%clk 0:04:43]} 28. g3 {[%clk 0:01:25]} Rb3 {[%clk 0:04:48]}
29. Rd2 {[%clk 0:01:22]} Nb5 {[%clk 0:04:32]} 30. Nxb5 {[%clk 0:01:21]} Qxb5
{[%clk 0:04:32]} 31. Kf2 {[%clk 0:01:14]} a5 {[%clk 0:04:41]} 32. Re2
{[%clk 0:01:15]} Rd3 {[%clk 0:04:45]} 33. Rd2 {[%clk 0:01:16]} Rb3
{[%clk 0:04:53]} 34. Re2 {[%clk 0:01:25]} a4 {[%clk 0:04:59]} 35. e4
{[%clk 0:01:16]} fxe4 {[%clk 0:04:24]} 36. fxe4 {[%clk 0:01:25]} Rd3
{[%clk 0:04:32]} 37. Qc1 {[%clk 0:00:27]} Qb6 {[%clk 0:04:15]} 38. Qf4
{[%clk 0:00:19]} Qxd4+ 39. Kg2 h6 {[%clk 0:04:20]} 40. Qd6 {[%clk 0:00:14]} Qf6
{[%clk 0:03:42]} 41. Rf2 {[%clk 0:00:17]} dxe4 {[%clk 0:03:39]} 42. Qb8+
{[%clk 0:00:13]} Qd8 {[%clk 0:03:20]} 43. Qe5 {[%clk 0:00:21]} Qd5
{[%clk 0:03:20]} 44. Qb8+ {[%clk 0:00:27]} Kh7 {[%clk 0:03:24]} 45. Rf8
{[%clk 0:00:35]} e3+ 46. Kh3 Qh5+ {[%clk 0:03:40]} 0-1

[Event "Team Championship (men rapid)"]
[Site "Sochi"]
[Date "2017.10.03"]
[Round "3.21"]
[White "Triapishko, Alexandr"]
[Black "Dubov, Daniil"]
[Result "1/2-1/2"]
[LiveChessVersion "1.4.8"]
[BlackElo "2710"]
[WhiteElo "2454"]

1. e4 {[%clk 0:15:18]} e5 {[%clk 0:08:07]} 2. Nf3 {[%clk 0:15:08]} Nc6
{[%clk 0:08:16]} 3. Bb5 {[%clk 0:15:16]} Bc5 {[%clk 0:08:24]} 4. O-O
{[%clk 0:14:47]} Nd4 {[%clk 0:08:33]} 5. Nxd4 {[%clk 0:14:40]} Bxd4
{[%clk 0:08:41]} 6. c3 {[%clk 0:14:31]} Bb6 {[%clk 0:08:50]} 7. d4
{[%clk 0:14:14]} c6 {[%clk 0:08:59]} 8. Be2 {[%clk 0:12:46]} d6 {[%clk 0:09:03]}
9. Na3 {[%clk 0:12:37]} Nf6 {[%clk 0:09:09]} 10. dxe5 {[%clk 0:11:23]} dxe5
{[%clk 0:09:18]} 11. Qxd8+ {[%clk 0:11:20]} Bxd8 {[%clk 0:09:26]} 12. Nc4
{[%clk 0:09:46]} Bc7 {[%clk 0:09:35]} 13. f3 {[%clk 0:09:28]} Be6
{[%clk 0:09:44]} 14. Be3 {[%clk 0:09:03]} Nd7 {[%clk 0:09:52]} 15. Rfd1
{[%clk 0:08:08]} Ke7 {[%clk 0:10:01]} 16. a4 {[%clk 0:07:39]} Rhd8
{[%clk 0:09:44]} 17. a5 {[%clk 0:06:27]} b5 {[%clk 0:09:45]} 18. axb6
{[%clk 0:06:11]} axb6 {[%clk 0:09:53]} 19. b4 {[%clk 0:06:11]} b5
{[%clk 0:09:16]} 20. Na5 {[%clk 0:05:28]} Ra6 {[%clk 0:09:13]} 21. c4
{[%clk 0:05:02]} bxc4 {[%clk 0:09:12]} 22. Nxc4 {[%clk 0:04:55]} Rxa1
{[%clk 0:08:34]} 23. Rxa1 {[%clk 0:05:04]} Bxc4 {[%clk 0:08:22]} 24. Bxc4
{[%clk 0:05:12]} Rb8 {[%clk 0:08:31]} 25. Bc5+ {[%clk 0:02:28]} Bd6
{[%clk 0:06:58]} 26. Ra7 {[%clk 0:02:32]} f6 {[%clk 0:05:48]} 27. Rc7
{[%clk 0:02:15]} Bxc5+ {[%clk 0:05:52]} 28. bxc5 {[%clk 0:02:24]} Rb1+
{[%clk 0:06:00]} 29. Bf1 {[%clk 0:01:14]} Rc1 {[%clk 0:06:08]} 30. Rxc6
{[%clk 0:01:22]} Rxc5 {[%clk 0:05:52]} 31. Rxc5 {[%clk 0:01:31]} Nxc5
{[%clk 0:06:00]} 32. Kf2 {[%clk 0:01:36]} Ne6 {[%clk 0:06:08]} 33. Ke3
{[%clk 0:01:40]} Kd6 {[%clk 0:06:17]} 34. Kd3 {[%clk 0:01:23]} Kc5
{[%clk 0:06:26]} 35. Kc3 {[%clk 0:01:18]} Nf4 {[%clk 0:06:35]} 36. g3
{[%clk 0:00:46]} Ne6 {[%clk 0:06:43]} 37. Be2 {[%clk 0:00:42]} Nd4
{[%clk 0:06:51]} 38. Bd1 {[%clk 0:00:36]} Kb5 {[%clk 0:06:59]} 39. Kd3
{[%clk 0:00:21]} Kb4 {[%clk 0:07:08]} 40. Ke3 {[%clk 0:00:29]} Kc3
{[%clk 0:07:17]} 41. Ba4 {[%clk 0:00:37]} Ne6 {[%clk 0:07:09]} 42. Bd7
{[%clk 0:00:43]} Nc5 {[%clk 0:07:16]} 43. Bb5 {[%clk 0:00:45]} Nb3
{[%clk 0:07:24]} 44. Ba4 {[%clk 0:00:43]} Nd4 {[%clk 0:07:27]} 45. Bd1
{[%clk 0:00:36]} Kc4 {[%clk 0:07:36]} 46. Ba4 {[%clk 0:00:43]} Kb4
{[%clk 0:07:45]} 47. Bd1 {[%clk 0:00:48]} Kc3 {[%clk 0:07:53]} 48. Ba4
{[%clk 0:00:55]} Kb2 {[%clk 0:07:05]} 49. Bd1 {[%clk 0:00:42]} Kb1
{[%clk 0:07:14]} 50. Kd2 {[%clk 0:00:46]} Kb2 {[%clk 0:07:18]} 51. Ke3
{[%clk 0:00:49]} Kc3 {[%clk 0:07:25]} 52. Ba4 {[%clk 0:00:57]} g5
{[%clk 0:06:56]} 53. Bd1 {[%clk 0:01:05]} Nb5 {[%clk 0:06:43]} 54. Ba4
{[%clk 0:00:55]} Na3 {[%clk 0:06:50]} 55. Bd7 {[%clk 0:00:36]} Nc4+
{[%clk 0:06:50]} 56. Ke2 {[%clk 0:00:45]} Kd4 {[%clk 0:06:44]} 57. Bf5
{[%clk 0:00:53]} h6 {[%clk 0:06:54]} 58. g4 {[%clk 0:00:48]} Kc3 {[%clk 0:06:51]}
59. Be6 {[%clk 0:00:51]} Na3 {[%clk 0:06:58]} 60. Bd7 {[%clk 0:00:48]} Nc4
{[%clk 0:06:27]} 61. Bb5 {[%clk 0:00:52]} Nd6 {[%clk 0:06:31]} 62. Bc6
{[%clk 0:00:58]} Nc8 {[%clk 0:06:37]} 63. Ke3 {[%clk 0:00:52]} Nb6
{[%clk 0:06:37]} 64. Ke2 {[%clk 0:00:57]} Nc4 {[%clk 0:06:45]} 65. Bb5
{[%clk 0:00:51]} Nd6 {[%clk 0:06:37]} 66. Bc6 {[%clk 0:00:56]} Kd4
{[%clk 0:06:46]} 67. Bd7 {[%clk 0:00:58]} Nb7 {[%clk 0:06:54]} 68. Bc6
{[%clk 0:01:00]} Nc5 {[%clk 0:07:03]} 69. Bb5 {[%clk 0:00:54]} Ne6
{[%clk 0:07:12]} 70. Kd2 {[%clk 0:00:55]} Ng7 {[%clk 0:06:32]} 71. Bd7
{[%clk 0:00:47]} h5 {[%clk 0:06:41]} 72. gxh5 {[%clk 0:00:27]} Nxh5
{[%clk 0:06:49]} 73. Bg4 {[%clk 0:00:31]} Nf4 {[%clk 0:06:56]} 74. Bd7
{[%clk 0:00:35]} Nd3 {[%clk 0:06:51]} 75. Be6 {[%clk 0:00:29]} Nc5
{[%clk 0:06:45]} 76. Bg4 {[%clk 0:00:37]} Nb3+ {[%clk 0:06:49]} 77. Kc2
{[%clk 0:00:37]} Na5 {[%clk 0:06:56]} 78. Kd2 {[%clk 0:00:46]} Nc4+
{[%clk 0:07:03]} 79. Ke2 {[%clk 0:00:55]} Ne3 {[%clk 0:06:39]} 80. Be6
{[%clk 0:00:58]} Ng2 {[%clk 0:06:46]} 81. Kd2 {[%clk 0:00:56]} Nh4
{[%clk 0:06:52]} 82. Bg4 {[%clk 0:01:00]} Kc4 {[%clk 0:06:34]} 83. Be6+
{[%clk 0:01:05]} Kc5 {[%clk 0:06:43]} 84. Bg4 {[%clk 0:00:50]} Kd4
{[%clk 0:06:52]} 85. Bh5 {[%clk 0:00:54]} Ng2 {[%clk 0:06:46]} 86. Bg4
{[%clk 0:01:00]} Nf4 {[%clk 0:06:55]} 87. Bf5 {[%clk 0:01:05]} Nd3
{[%clk 0:07:04]} 88. Bg4 {[%clk 0:01:04]} Nb2 {[%clk 0:07:13]} 89. Be6
{[%clk 0:01:06]} Na4 {[%clk 0:07:12]} 90. Bf5 {[%clk 0:01:01]} Nc5
{[%clk 0:07:21]} 91. Bg4 {[%clk 0:01:04]} Kc4 {[%clk 0:07:30]} 92. Kc2
{[%clk 0:01:04]} Kb4 {[%clk 0:07:28]} 93. Bf5 {[%clk 0:01:03]} Nb3
{[%clk 0:07:34]} 94. Bg4 {[%clk 0:01:09]} Nd4+ {[%clk 0:07:43]} 95. Kd3
{[%clk 0:01:13]} Kb3 {[%clk 0:07:52]} 96. Bh5 {[%clk 0:00:46]} Kb2
{[%clk 0:08:00]} 97. Kd2 {[%clk 0:00:52]} Nb3+ {[%clk 0:08:06]} 98. Kd3
{[%clk 0:00:53]} Kc1 {[%clk 0:08:12]} 99. Ke2 {[%clk 0:00:47]} Nd4+
{[%clk 0:08:17]} 100. Kd3 {[%clk 0:00:35]} Ne6 {[%clk 0:08:09]} 101. Bg4
{[%clk 0:00:41]} Nf4+ {[%clk 0:06:43]} 102. Kc4 {[%clk 0:00:32]} Kd2
{[%clk 0:06:51]} 103. Kc5 {[%clk 0:00:41]} Ke3 {[%clk 0:06:45]} 104. Kd6
{[%clk 0:00:50]} Ne2 {[%clk 0:06:42]} 105. Ke6 {[%clk 0:00:47]} Kf4
{[%clk 0:06:51]} 106. Kxf6 {[%clk 0:00:52]} Nc1 {[%clk 0:07:00]} 107. h3
{[%clk 0:00:37]} 1/2-1/2

[Event "Team Championship (men rapid)"]
[Site "Sochi"]
[Date "2017.10.03"]
[Round "3.22"]
[White "Morozevich, Alexander"]
[Black "Linker, Mikhail"]
[Result "1-0"]
[LiveChessVersion "1.4.8"]
[BlackElo "2330"]
[WhiteElo "2636"]

1. e4 {[%clk 0:13:54]} c5 {[%clk 0:15:15]} 2. Nf3 {[%clk 0:13:46]} d6
{[%clk 0:15:18]} 3. d4 {[%clk 0:13:54]} cxd4 {[%clk 0:15:25]} 4. Nxd4
{[%clk 0:14:03]} Nf6 {[%clk 0:15:33]} 5. Nc3 {[%clk 0:14:11]} g6 {[%clk 0:15:40]}
6. Be3 {[%clk 0:13:55]} Bg7 {[%clk 0:15:36]} 7. f3 {[%clk 0:13:59]} Nc6
{[%clk 0:15:25]} 8. Qd2 {[%clk 0:14:08]} O-O {[%clk 0:15:32]} 9. g4
{[%clk 0:14:17]} Nxd4 {[%clk 0:15:08]} 10. Bxd4 {[%clk 0:14:25]} Qa5
{[%clk 0:14:11]} 11. h4 {[%clk 0:14:04]} Be6 {[%clk 0:11:36]} 12. h5
{[%clk 0:14:01]} Rfc8 {[%clk 0:10:26]} 13. a3 {[%clk 0:09:23]} b5
{[%clk 0:05:11]} 14. Nxb5 {[%clk 0:05:49]} Qxd2+ {[%clk 0:05:19]} 15. Kxd2
{[%clk 0:05:57]} a6 {[%clk 0:05:25]} 16. h6 {[%clk 0:05:47]} Bh8 {[%clk 0:04:52]}
17. g5 {[%clk 0:05:56]} axb5 {[%clk 0:04:38]} 18. gxf6 {[%clk 0:06:04]} b4
{[%clk 0:04:46]} 19. a4 {[%clk 0:05:43]} Bxf6 {[%clk 0:04:51]} 20. Bxf6
{[%clk 0:05:51]} exf6 {[%clk 0:05:00]} 21. Bd3 {[%clk 0:04:26]} Ra5
{[%clk 0:04:52]} 22. b3 {[%clk 0:03:24]} f5 {[%clk 0:02:50]} 23. Rh4
{[%clk 0:02:49]} fxe4 {[%clk 0:02:12]} 24. Rxe4 {[%clk 0:02:53]} Rb8
{[%clk 0:02:15]} 25. Rd4 {[%clk 0:02:47]} Rb6 {[%clk 0:01:44]} 26. Rh1
{[%clk 0:02:48]} Bd5 {[%clk 0:00:14]} 27. Ke3 {[%clk 0:02:10]} Kf8
{[%clk 0:00:14]} 28. Rhh4 {[%clk 0:02:13]} g5 {[%clk 0:00:19]} 29. Rh5
{[%clk 0:01:41]} Be6 {[%clk 0:00:16]} 30. Bxh7 {[%clk 0:01:49]} Re5+
{[%clk 0:00:25]} 31. Kf2 {[%clk 0:01:42]} Rc5 {[%clk 0:00:16]} 32. Bd3
{[%clk 0:01:36]} Kg8 {[%clk 0:00:24]} 33. f4 {[%clk 0:01:36]} f6 {[%clk 0:00:21]}
34. h7+ Kh8 35. Rh6 {[%clk 0:01:44]} Bf5 {[%clk 0:00:31]} 36. Bc4
{[%clk 0:01:20]} Bxh7 {[%clk 0:00:30]} 37. Rxf6 {[%clk 0:01:19]} Bxc2
{[%clk 0:00:24]} 38. fxg5 {[%clk 0:01:07]} Rxg5 {[%clk 0:00:30]} 39. Rdxd6
{[%clk 0:00:39]} Rxd6 {[%clk 0:00:20]} 40. Rxd6 {[%clk 0:00:48]} Rg6
{[%clk 0:00:17]} 41. Rxg6 {[%clk 0:00:49]} Bxg6 {[%clk 0:00:25]} 42. Ke3
{[%clk 0:00:58]} Kg7 {[%clk 0:00:28]} 43. a5 {[%clk 0:01:00]} 1-0

[Event "Team Championship (men rapid)"]
[Site "Sochi"]
[Date "2017.10.03"]
[Round "3.23"]
[White "Jary, Sergey"]
[Black "Savchenko, Boris"]
[Result "1-0"]
[LiveChessVersion "1.4.8"]
[BlackElo "2669"]
[WhiteElo "2343"]

1. d4 {[%clk 0:15:17]} Nf6 {[%clk 0:15:18]} 2. Nf3 {[%clk 0:15:24]} g6
{[%clk 0:15:27]} 3. g3 {[%clk 0:15:28]} Bg7 {[%clk 0:15:35]} 4. Bg2
{[%clk 0:15:37]} O-O {[%clk 0:15:43]} 5. O-O {[%clk 0:15:36]} d6 {[%clk 0:15:20]}
6. c4 {[%clk 0:15:39]} Nc6 {[%clk 0:15:28]} 7. Nc3 {[%clk 0:15:42]} a6
{[%clk 0:15:34]} 8. c5 {[%clk 0:15:06]} d5 {[%clk 0:14:43]} 9. Ne5
{[%clk 0:14:52]} Bd7 {[%clk 0:10:32]} 10. Bf4 {[%clk 0:12:20]} e6
{[%clk 0:10:23]} 11. Nxc6 {[%clk 0:12:17]} Bxc6 {[%clk 0:10:31]} 12. Be5
{[%clk 0:12:26]} Bh6 {[%clk 0:10:34]} 13. Bxf6 {[%clk 0:12:22]} Qxf6
{[%clk 0:10:42]} 14. f4 {[%clk 0:12:31]} b6 {[%clk 0:10:45]} 15. cxb6
{[%clk 0:12:29]} cxb6 {[%clk 0:10:53]} 16. e3 {[%clk 0:12:35]} Rfc8
{[%clk 0:10:34]} 17. Qd2 {[%clk 0:12:41]} Qe7 {[%clk 0:10:35]} 18. Rfc1
{[%clk 0:12:38]} b5 {[%clk 0:10:35]} 19. Nd1 {[%clk 0:12:45]} b4 {[%clk 0:10:14]}
20. Nf2 {[%clk 0:12:49]} a5 {[%clk 0:10:22]} 21. Nd3 {[%clk 0:12:45]} Bf8
{[%clk 0:09:20]} 22. Ne5 {[%clk 0:12:39]} Be8 {[%clk 0:09:26]} 23. Rxc8
{[%clk 0:12:37]} Rxc8 {[%clk 0:09:35]} 24. Rc1 {[%clk 0:12:46]} Qb7
{[%clk 0:09:42]} 25. Bf1 {[%clk 0:12:50]} Rb8 {[%clk 0:09:16]} 26. h4
{[%clk 0:11:53]} a4 {[%clk 0:09:12]} 27. Nd3 {[%clk 0:11:38]} h6 {[%clk 0:08:51]}
28. Nc5 {[%clk 0:11:35]} Qa7 {[%clk 0:08:59]} 29. Nd3 {[%clk 0:11:39]} Kg7
{[%clk 0:08:59]} 30. Qd1 {[%clk 0:11:45]} Be7 {[%clk 0:08:56]} 31. Ne5
{[%clk 0:11:50]} b3 {[%clk 0:07:42]} 32. a3 {[%clk 0:11:43]} Qb7 {[%clk 0:06:45]}
33. Nd3 {[%clk 0:11:37]} Qb6 {[%clk 0:06:39]} 34. Qd2 {[%clk 0:11:28]} Bb5 35.
Nc5 {[%clk 0:10:52]} Bc6 {[%clk 0:06:26]} 36. Rc3 {[%clk 0:10:48]} Rh8
{[%clk 0:06:22]} 37. Qc1 {[%clk 0:10:53]} Be8 {[%clk 0:06:29]} 38. Qd2
{[%clk 0:10:21]} g5 {[%clk 0:06:35]} 39. hxg5 {[%clk 0:10:28]} hxg5
{[%clk 0:06:44]} 40. Qe2 {[%clk 0:10:05]} Qb8 {[%clk 0:06:37]} 41. Qg4
{[%clk 0:09:55]} Rh6 {[%clk 0:05:37]} 42. Bd3 {[%clk 0:09:05]} f5
{[%clk 0:05:46]} 43. Qf3 {[%clk 0:08:45]} gxf4 {[%clk 0:04:09]} 44. exf4
{[%clk 0:08:25]} Qb6 {[%clk 0:02:20]} 45. Qe3 {[%clk 0:08:16]} Kf7
{[%clk 0:02:01]} 46. Rc1 {[%clk 0:07:35]} Rf6 {[%clk 0:01:14]} 47. Kg2
{[%clk 0:07:33]} Bc6 {[%clk 0:00:53]} 48. Kg1 {[%clk 0:07:02]} Bf8
{[%clk 0:00:51]} 49. Be2 {[%clk 0:07:03]} Rh6 {[%clk 0:00:55]} 50. Nd3
{[%clk 0:06:53]} Kg8 {[%clk 0:00:20]} 51. Ne5 {[%clk 0:06:53]} Bb5
{[%clk 0:00:28]} 52. Bxb5 {[%clk 0:06:44]} Qxb5 {[%clk 0:00:37]} 53. Rc8
{[%clk 0:06:50]} Rh7 {[%clk 0:00:30]} 54. Ng6 {[%clk 0:06:40]} Kf7
{[%clk 0:00:35]} 55. Rc7+ {[%clk 0:06:01]} Kxg6 {[%clk 0:00:31]} 56. Qxe6+
{[%clk 0:06:10]} Kh5 {[%clk 0:00:31]} 57. Qxf5+ {[%clk 0:06:16]} 1-0